| 000 | 00789nam a22002417a 4500 | ||
|---|---|---|---|
| 999 |
_c10839 _d10839 |
||
| 003 | AR-CdUCM | ||
| 008 | 190402b ||||| |||| 00| 0 spa d | ||
| 020 | _a9972-876-13-6 | ||
| 040 |
_aMUNICIPALIDAD PROVINCIAL DEL CUSCO _cBIBLIOTECA MUNICIPAL DEL CUSCO |
||
| 082 |
_aEP / 372.460 / _bD86 |
||
| 100 |
_aDogar, Diego _927885 |
||
| 245 | _aComunicación Integral Minka Cuaderno de trabajo / | ||
| 260 |
_aPerú : _bMetrocolor, _c1951. |
||
| 300 |
_a158 paginas ; _bilustraciones, graficos, dibujos, cuadros, _c28 cm. |
||
| 500 | _aCuaderno de trabajo | ||
| 650 |
_aCuaderno de trabajo _911620 |
||
| 650 |
_aMinka _927886 |
||
| 650 |
_aComunicación integral _927637 |
||
| 650 |
_aEducacion primaria _91561 |
||
| 700 |
_aBoller, Javier _927887 |
||
| 942 |
_2ddc _cLIBROS |
||
| 945 | _apjha | ||